المآسي التاريخية الكبرى / (Record no. 14592)
[ view plain ]
| 000 -الفاتح | |
|---|---|
| حقل البيانات ثابتة الطول | 00759nam a2200229 i 4500 |
| 003 - محدد رقم الضبط | |
| رقم الضبط | BUEsh |
| 005 - وقت وتاريخ اخر تعامل مع التسجيلة | |
| رقم الضبط | 20230911123836.0 |
| 008 - عناصر البيانات ثابتة الطول - معلومات عامة | |
| حقل البيانات ثابتة الطول | 100803s1966 u f 000 0 ara d |
| 040 ## - مصدر الفهرسة | |
| وكالة الفهرسة الأصلية | BUEsh |
| لغة الفهرسة | ara |
| قواعد الوصف | rda |
| وكالة النسخ | BUEsh |
| وكالة التعديل | BUEsh |
| 082 04 - رقم تصنيف ديوى العشرى | |
| رقم الطبعة | 22 |
| رقم التصنيف | 902 |
| رقم المادة | ش ر ي |
| 100 1# - المدخل الرئيسى - إسم شخصى | |
| 9 (RLIN) | 16996 |
| الإسم الشخصى | شريف، حسن، |
| الدور | مؤلف. |
| 245 12 - بيان العنوان | |
| العنوان | المآسي التاريخية الكبرى / |
| بيان المسئوليه,etc | حسن الشريف. |
| 264 #1 - النشر، التوزيع | |
| مكان الناشر او الموزع | القاهرة : |
| اسم الناشر او الموزع | دار المعارف، |
| تاريخ النشر أو التوزيع | 1966. |
| 300 ## - الوصف المادى | |
| التعداد | 309 صفحة ؛ |
| أبعاد الوعاء | 24 سم |
| 336 ## - نوع المحتوى | |
| source | rdacontent |
| Carrier Type Term | نص |
| Content Type Code | txt |
| 337 ## - نوع الوسيط | |
| source | rdamedia |
| Media Type Term | بدون وسيط |
| Media Type Code | n |
| 338 ## - نوع الحامل أو الناقل | |
| source | rdacarrier |
| Carrier Type Term | مجلد |
| Carrier Type Code | nc |
| 541 ## - تبصرة المصدر المباشر للتزويد | |
| طريقة التزويد | إهداء |
| 650 #7 - المدخل الاضافى بالموضوع-مصطلح موضوعى | |
| 9 (RLIN) | 16997 |
| مصطلح موضوعي أو اسم جغرافي كعنصر مدخل | التاريخ |
| التقسيم الفرعي الشكلي | مجموعات. |
| مصدر الرأس أو المصطلح | BUEsh |
| 655 ## - مصطلح تكشيفى-نوع/شكل | |
| التقسيم الفرعي الشكلي | Reading book |
| 942 ## - عناصر المدخل الإضافي( كوها) | |
| مصدر التصنيف او مخطط الترفيف | Dewey Decimal Classification |
| Koha [default] item type | Book - Borrowing |
| حالة التراجع | حالة الفقد | مصدر التصنيف او خطة الترفيف | حالة تلف | ليس للاعارة | مجموعات كوها | المكان الدائم | المكان الحالي | موقع الترفيف | تاريخ الاكتساب | Source of acquisition | رقم الاستدعاء | الباركود | Date last seen | نوع الوعاء |
|---|---|---|---|---|---|---|---|---|---|---|---|---|---|---|
| Dewey Decimal Classification | Donation-Gift | Central Library | Central Library | Second Floor | 03/08/2010 | Donation | 902 ش ر ي | 000021417 | 15/07/2025 | Book - Borrowing |